Представление документа в формате RUSMARC

ПолеНазваниеЗначение
  Тип записи a
  Библиографический уровень m
001 Контрольный номер RU/SLIB/B/208784493
005 Дата корректировки 20231010165531.2
010 Индекс ISBN __
a ISBN 5-9268-0328-4
d Цена 59-95
101 Язык документа 0_
a Язык текста rus
c Язык оригинала rus
200 Заглавие и сведения об ответственности 1_
a Заглавие Путеводитель по стране сновидений
f Первые сведения об ответственности Надежда Огненко
b Общее обозначение материала Текст
210 Выходные данные 1_
a Место издания СПб.
c Издательство Речь
d Дата издания 2005
215 Физическое описание __
a Объем 288 с.
330 Аннотация __
a Аннотация Способ разобраться в себе при помощи сновидений.
606 Тематические рубрики __
a Основная рубрика Психология
2 Код системы nlr_sh
606 Тематические рубрики __
a Основная рубрика Особые состояния и явления психики
2 Код системы nlr_sh
610 Ключевые слова 0_
a Ключевые слова сон; сновидения; толкование снов; подсознание
686 Индексы других классификаций __
a Классификационный индекс 88.282
2 Код системы rubbks
700 Автор _1
a Фамилия Огненко
b Имя Н.
g Полное личное имя Надежда
4 Код отношения 070
801 Источник записи _0
a Страна RU
b Организация Муниципальное бюджетное учреждение культуры "Централизованная библиотечная система" г. Сургут (Центральная городская библиотека им. А. С. Пушкина)
g Правила каталогизации КиК/Поспелова
801 Источник записи _1
a Страна RU
b Организация Муниципальное бюджетное учреждение культуры "Централизованная библиотечная система" г. Сургут (Центральная городская библиотека им. А. С. Пушкина)
g Правила каталогизации КиК/Поспелова
852 Данные о местонахождении __
j Шифр хранения 88.288
c Каталожный индекс 88.6
i Авторский знак О-38
p Инвентарный номер Б/Н
901 Тип документа __
t Тип документа m
903 Характеристики (МАРС) __
a Дата передачи 20060222
990 Данные о заказе (DOS) __
j Количество экземпляров (DOS) 1
h N записи в КСУ для Б/У (DOS) 200603